Honoré de Balzac: Eugénie Grandet
Enregistré dans:
| Auteur principal: | |
|---|---|
| Format: | Livre |
| Langue: | Undetermined |
| Publié: |
París, Francia
Editions Nathan
1996
|
| Sujets: | |
| Tags: |
Ajouter un tag
Pas de tags, Soyez le premier à ajouter un tag!
|
MARC
| LEADER | 00000nam a2200000Ia 4500 | ||
|---|---|---|---|
| 008 | 170316s9999 xx 000 0 und d | ||
| 040 | |a cru BVZT | ||
| 090 | |a C-840 N-3he | ||
| 100 | |a Nivet, Jean-François | ||
| 245 | |a Honoré de Balzac: Eugénie Grandet | ||
| 260 | |a París, Francia | ||
| 260 | |b Editions Nathan | ||
| 260 | |c 1996 | ||
| 300 | |a 64 páginas | ||
| 650 | |a LITERATURA FRANCESA | ||
| 650 | |a CRÍTICA | ||
| 999 | |c 13013 |d 13013 | ||
| 942 | |c 15 D |h C-840 N-3he |2 z | ||
